000 00244nam a2200097Ia 4500
001 639835
005 20250826153435.0
008 250824s9999 xx 000 0 und d
245 0 _aGelincik Diz/Cambaz Parası
_cGülten Dayıoğlu
260 _bALTIN
999 _c639835
_d639835